Normal view
MARC view
- García Peñalvo, Francisco José
Entry Nombre Personal
001 - NUMERO DE CONTROL
- campo de control: 46601
003 - IDENTIFICADOR DE NUMERO DE CONTROL
- campo de control: UPN
005 - FECHA Y HORA DE LA ÜLTIMA TRANSACCIÓN
- campo de control: 20220921121827.0
008 - DATOS DE LONGITUD FIJA
- campo de control de longitud fija: 220921|| acn||aabn | a|a d
024 7# - OTROS IDENTIFICADORES NORMALIZADOS
- Fuente: orcid
- Número normalizado o código: 0000-0001-9987-5584
040 ## - FUENTE DE CATALOGACIÓN
- Agencia original de catalogación: MX-MxUPN
100 ## - ENCABEZAMIENTO - NOMBRE PERSONAL
- Nombre personal: García Peñalvo, Francisco José
370 ## - LUGAR ASOCIADO
- Associated country: Salamanca, España
371 ## - DIRECCIÓN
- Electronic mail address: fgarcia@usal.es
372 ## - CAMPO DE ACTIVIDAD
- Field of activity: Ciencias de la educación
- Field of activity: Tecnología educativa
373 ## - GRUPO ASOCIADO
- Associated group: Universidad de Salamanca. Departamento de Informática y Automática.
- Associated group: Tecnológico de Monterrey, México.
- Associated group: Grupo de Investigación Reconocido por la USAL (y Grupo de Excelencia de Castilla y León)
- Associated group: GRIAL (GRupo de investigación en InterAcción y eLearning)
374 ## - OCUPACIÓN
- Occupation: Profesor - Investigador universitario
670 ## - FUENTE EN LA QUE SE LOCALIZARON DATOS
- Cita de la fuente: En sitio web: Universidad de Salamanca. GRIAL
- Información localizada: (Francisco José García-Peñalvo)
- Uniform Resource Identifier: https://grial.usal.es/fgarcia
902 ## - CATALOGADOR
- Catalogador: BLSM / 210922
